000 00569cam a2200205 4500500
005 20260405002847.0
041 _afre
042 _adc
100 1 0 _aLevine, Emmanuel
_eauthor
245 0 0 _aPitiƩ
260 _c2019.
500 _a64
690 _aFrans de Waal
690 _aNietzsche
690 _aPitiƩ
690 _aRousseau
690 _aSchopenhauer
786 0 _nPhilosophie magazine | 126 | 2 | 2019-02-01 | p. 36-36 | 1951-1787
856 4 1 _uhttps://shs.cairn.info/magazine-philosophie-magazine-2019-2-page-36?lang=fr&redirect-ssocas=7080
999 _c2061837
_d2061837